The Cambridge english course

Kaydedildi:
Detaylı Bibliyografya
Yazar: Swan, Michael
Materyal Türü: Kitap
Dil:Undetermined
Baskı/Yayın Bilgisi: Cambridge Cambridge University Press
Konular:
Etiketler: Etiketle
Etiket eklenmemiş, İlk siz ekleyin!
Thư viện lưu trữ: Trung tâm Học liệu Trường Đại học Cần Thơ
LEADER 00522nam a2200181Ia 4500
001 CTU_120751
008 210402s9999 xx 000 0 und d
082 |a 428.34 
082 |b S972/B.2/Cas.1 
100 |a Swan, Michael 
245 4 |a The Cambridge english course 
245 0 |c Michael Swan, Catherine Walter 
260 |a Cambridge 
260 |b Cambridge University Press 
650 |a English language 
650 |x Study and teaching 
904 |i M.Loan 
980 |a Trung tâm Học liệu Trường Đại học Cần Thơ